000 00236nam a22001097a 4500
082 _a823
_bRAN/L
100 _aRANDALL, P RONNE
245 _aTHE LITTLE RED HEN
260 _aUK
_bLADYBIRD
650 _aENGLISH SHORT STORY
_zUK
942 _cBK
999 _c4016
_d4016